| 000 -LEADER |
| fixed length control field |
00651cam a2200193 i 4500 |
| 008 - FIXED-LENGTH DATA ELEMENTS--GENERAL INFORMATION |
| fixed length control field |
230113r20082002enka j 001 0 eng d |
| 020 ## - INTERNATIONAL STANDARD BOOK NUMBER |
| International Standard Book Number |
9781407104218 |
| Qualifying information |
(pbk.) |
| 020 ## - INTERNATIONAL STANDARD BOOK NUMBER |
| International Standard Book Number |
1407104217 |
| Qualifying information |
(pbk.) |
| 050 #4 - LIBRARY OF CONGRESS CALL NUMBER |
| Classification number |
DA16 |
| Item number |
.D43 2008 |
| 082 04 - DEWEY DECIMAL CLASSIFICATION NUMBER |
| Classification number |
909.097 DEA |
| Edition number |
22 |
| 100 1# - MAIN ENTRY--PERSONAL NAME |
| Personal name |
Deary, Terry, |
| Relator term |
author. |
| 245 10 - TITLE STATEMENT |
| Title |
Barmy British empire / |
| Statement of responsibility, etc. |
Terry Deary ; illustrated by Martin Brown. |
| 250 ## - EDITION STATEMENT |
| Edition statement |
New edition. |
| 260 ## - PUBLICATION, DISTRIBUTION, ETC. |
| Place of publication, distribution, etc. |
EUSTON HOUSE,24 EVERSHOLT STREET,LONDON,NW1 1DB,UK |
| Name of publisher, distributor, etc. |
SCHOLASTIC CHILDREN'S BOOKS |
| 300 ## - PHYSICAL DESCRIPTION |
| Extent |
139 pages : |
| Other physical details |
illustrations ; |
| Dimensions |
20 cm. |
| 500 ## - GENERAL NOTE |
| General note |
Previous edition: London: Hippo, 2002. |
| 500 ## - GENERAL NOTE |
| General note |
Includes index. |
| 942 ## - ADDED ENTRY ELEMENTS (KOHA) |
| Source of classification or shelving scheme |
|